[Event "SVK-chT1E 1314"]
[Site "Slovakia"]
[Date "2013.11.16"]
[Round "3.6"]
[White "Veselovsky, Jan"]
[Black "Kucera, Juraj"]
[Result "1-0"]
[WhiteElo "2019"]
[BlackElo "2023"]
[PlyCount "85"]
[EventDate "2013.10.12"]
[EventType "team-tourn"]
[EventRounds "11"]
[EventCountry "SVK"]
[SourceTitle "EXT 2015"]
[Source "ChessBase"]
[SourceDate "2014.11.20"]
[SourceVersion "1"]
[SourceVersionDate "2014.11.20"]
[SourceQuality "1"]
[WhiteTeam "Bardejov"]
[BlackTeam "Dolny Kubin"]
[WhiteTeamCountry "SVK"]
[BlackTeamCountry "SVK"]

1. e4 c5 2. Nf3 b6 3. Nc3 Bb7 4. d4 cxd4 5. Nxd4 a6 6. Bc4 e6 7. Bb3 Nc6 8. Be3 Nf6 9. Qe2 Bb4 10. f3 Qc7 11. 0-0 0-0 12. Qf2 Nxd4 13. Bxd4 Bc5 14. Rad1 d6 15. Kh1 Rfd8 16. Rd2 Rd7 17. Rfd1 Rad8 18. Qg3 Nh5 19. Qg5 Bxd4 20. Rxd4 Nf6 21. Ne2 h6 22. Qe3 Qc5 23. Qd2 d5 24. e5 Ne8 25. c3 Qe7 26. Rg4 f5 27. Rg6 Kh7 28. Nf4 Nc7 29. Qd4 Qc5 30. Qd3 Qe7 31. Bc2 Rf8 32. g4 d4 33. cxd4 Qh4 34. Qe3 Nd5 35. Nxd5 Bxd5 36. gxf5 exf5 37. Rxb6 Kh8 38. Rxa6 Qg4 39. Ra3 Ra7 40. Rf1 Rxa3 41. bxa3 Rc8 42. Bb3 Qh3 43. Rf2 1-0

[Event "SVK-chT2C 10/11"]
[Site "Slovakia"]
[Date "2011.01.08"]
[Round "5.2"]
[White "Kucera, Juraj"]
[Black "Mraz, Martin"]
[Result "0-1"]
[WhiteElo "2099"]
[BlackElo "1874"]
[PlyCount "80"]
[EventDate "2010.10.23"]
[EventType "team-tourn"]
[EventRounds "11"]
[EventCountry "SVK"]
[SourceTitle "EXT 2019"]
[Source "ChessBase"]
[SourceDate "2018.10.10"]
[SourceVersion "1"]
[SourceVersionDate "2018.10.10"]
[SourceQuality "1"]
[WhiteTeam "Dolny Kubin"]
[BlackTeam "Liptov Chess School II"]
[WhiteTeamCountry "SVK"]
[BlackTeamCountry "SVK"]

1. Nf3 d5 2. g3 c6 3. Bg2 Bg4 4. 0-0 Nf6 5. d3 Nbd7 6. Nbd2 e5 7. c4 Bd6 8. Qc2 0-0 9. b3 Re8 10. e4 dxe4 11. dxe4 Qb6 12. Bb2 Nc5 13. Bc3 a5 14. a3 Bxf3 15. Bxf3 Ne6 16. Bd1 Nd4 17. Qb2 Qc7 18. Bxd4 exd4 19. Bc2 Qc8 20. Bd3 Qg4 21. Rfe1 Re6 22. Be2 Qh3 23. Bf1 Qh5 24. Bg2 Ng4 25. Nf1 d3 26. h3 Ne5 27. Ra2 Rd8 28. Qd2 Bc5 29. b4 Bd4 30. Ne3 Bxe3 31. Rxe3 Red6 32. g4 Qh6 33. Qc3 d2 34. Rxd2 Rxd2 35. Qxe5 Rd1+ 36. Kh2 Qd6 37. Qxd6 R8xd6 38. c5 R6d3 39. Rxd3 Rxd3 40. bxa5 Rxa3 0-1

[Event "SVK-chT2C 0910"]
[Site "Slovakia"]
[Date "2010.02.27"]
[Round "10.2"]
[White "Kucera, Juraj"]
[Black "Valuska, Pavel"]
[Result "1-0"]
[WhiteElo "2106"]
[BlackElo "2044"]
[PlyCount "128"]
[EventDate "2009.10.10"]
[EventType "team-tourn"]
[EventRounds "11"]
[EventCountry "SVK"]
[SourceTitle "EXT 2011"]
[Source "ChessBase"]
[SourceDate "2010.11.26"]
[SourceVersion "1"]
[SourceVersionDate "2010.11.26"]
[SourceQuality "1"]
[WhiteTeam "Dolny Kubin"]
[BlackTeam "Zvolen Slavia"]
[WhiteTeamCountry "SVK"]
[BlackTeamCountry "SVK"]

1. e4 c6 2. d4 d5 3. Nc3 e6 4. Nf3 Bb4 5. e5 Ne7 6. Bd3 c5 7. a3 cxd4 8. axb4 dxc3 9. bxc3 Qc7 10. Ra3 Ng6 11. 0-0 Nxe5 12. Nxe5 Qxe5 13. Re1 Qf6 14. Bb5+ Nd7 15. Qxd5 0-0 16. Qe4 Qg6 17. Qe2 Nf6 18. Be3 a6 19. Bd4 Bd7 20. Bd3 Qh5 21. Qd2 Ng4 22. h3 Qh6 23. Qe2 Nf6 24. Be3 Qh5 25. Qxh5 Nxh5 26. Ra5 Nf6 27. c4 Bc6 28. Bd4 h6 29. Re3 Nh7 30. Rh5 Rfd8 31. Bc3 Ng5 32. f4 Nh7 33. Rg3 e5 34. Bxe5 f6 35. Bc3 Kh8 36. Ra5 Nf8 37. Re3 Re8 38. Rxe8 Rxe8 39. Kf2 Be4 40. Ra1 Bxd3 41. cxd3 Kg8 42. Rd1 Kf7 43. f5 Rc8 44. Ke3 Nd7 45. Kd2 Nb8 46. Re1 Re8 47. Rxe8 Kxe8 48. Ke3 Nc6 49. Ke4 Kd7 50. d4 b5 51. d5 Ne7 52. c5 Nc8 53. g4 Ne7 54. Bd4 h5 55. g5 fxg5 56. Bxg7 g4 57. hxg4 h4 58. Be5 h3 59. f6 Ng6 60. c6+ Kc8 61. f7 a5 62. d6 axb4 63. d7+ Kd8 64. Bf6+ Ne7 1-0

[Event "SVK-chT2C 0809"]
[Site "Slovakia"]
[Date "2008.11.08"]
[Round "3.6"]
[White "Briestensky, Rastislav"]
[Black "Kucera, Juraj"]
[Result "1-0"]
[WhiteElo "2383"]
[BlackElo "2144"]
[PlyCount "45"]
[EventDate "2008.10.11"]
[EventType "team-tourn"]
[EventRounds "11"]
[EventCountry "SVK"]
[SourceTitle "EXT 2010"]
[Source "ChessBase"]
[SourceDate "2010.11.25"]
[SourceVersion "1"]
[SourceVersionDate "2010.11.25"]
[SourceQuality "1"]
[WhiteTeam "Cadca Caissa"]
[BlackTeam "Dolny Kubin"]
[WhiteTeamCountry "SVK"]
[BlackTeamCountry "SVK"]

1. e4 c5 2. Nf3 d6 3. Bb5+ Bd7 4. a4 Nf6 5. Qe2 Nc6 6. 0-0 Qc7 7. Nc3 e6 8. Re1 a6 9. Bxc6 bxc6 10. e5 Ng4 11. exd6 Bxd6 12. h3 h5 13. Ne4 Be7 14. d3 Nf6 15. Neg5 Bd6 16. Ne5 Bxe5 17. Qxe5 Qxe5 18. Rxe5 Nd5 19. Re2 Nc7 20. Be3 f6 21. Ne4 0-0-0 22. Bxc5 Rhg8 23. Be7 1-0

[Event "SVK-chT2C 0708"]
[Site "Slovakia"]
[Date "2007.11.04"]
[Round "4.4"]
[White "Kucera, Juraj"]
[Black "Gajdosik, Vladislav"]
[Result "1-0"]
[WhiteElo "2168"]
[BlackElo "2097"]
[PlyCount "55"]
[EventDate "2007.10.06"]
[EventType "team-tourn"]
[EventRounds "11"]
[EventCountry "SVK"]
[SourceTitle "EXT 2010"]
[Source "ChessBase"]
[SourceDate "2010.11.25"]
[SourceVersion "1"]
[SourceVersionDate "2010.11.25"]
[SourceQuality "1"]
[WhiteTeam "Dolny Kubin"]
[BlackTeam "Banska Bystrica CVC"]
[WhiteTeamCountry "SVK"]
[BlackTeamCountry "SVK"]

1. d4 Nf6 2. Nc3 d5 3. Bg5 Nc6 4. e3 Bf5 5. Bd3 Bxd3 6. Qxd3 e6 7. Nf3 Be7 8. 0-0-0 a6 9. Bxf6 Bxf6 10. e4 Nb4 11. Qe2 dxe4 12. Qxe4 c6 13. Kb1 Qa5 14. Ne5 0-0 15. Nd7 Rfd8 16. Nxf6+ gxf6 17. a3 Nd5 18. Rd3 Ne7 19. Qh4 Qf5 20. Ne4 Ng6 21. Nxf6+ Kf8 22. Qh6+ Ke7 23. Rf3 Qb5 24. Qg7 Nh8 25. Nxh7 Rg8 26. Qf6+ Kd7 27. Rb3 Qh5 28. Rxb7+ 1-0

[Event "SVK-chT2C 0607"]
[Site "Slovakia"]
[Date "2007.03.17"]
[Round "10.4"]
[White "Kucera, Juraj"]
[Black "Vacek, Ondrej"]
[Result "1/2-1/2"]
[WhiteElo "2156"]
[BlackElo "2120"]
[PlyCount "40"]
[EventDate "2006.10.14"]
[EventType "team-tourn"]
[EventRounds "11"]
[EventCountry "SVK"]
[SourceTitle "EXT 2019"]
[Source "ChessBase"]
[SourceDate "2018.10.10"]
[SourceVersion "1"]
[SourceVersionDate "2018.10.10"]
[SourceQuality "1"]
[WhiteTeam "Dolny Kubin"]
[BlackTeam "Zvolen Slavia"]
[WhiteTeamCountry "SVK"]
[BlackTeamCountry "SVK"]

1. d4 d5 2. Nc3 c6 3. e4 dxe4 4. Nxe4 Bf5 5. Ng3 Bg6 6. Nf3 Nd7 7. h4 h6 8. h5 Bh7 9. Bd3 Bxd3 10. Qxd3 Ngf6 11. Bd2 e6 12. 0-0-0 Be7 13. Qe2 0-0 14. Ne5 c5 15. dxc5 Nxc5 16. Kb1 Qc7 17. f4 Rac8 18. Bc1 Rfd8 19. Rxd8+ Rxd8 20. Rd1 Rxd1 1/2-1/2

[Event "SVK-chT2 0304"]
[Site "Slovakia"]
[Date "2003.??.??"]
[Round "2"]
[White "Toma, Rudolf"]
[Black "Kucera, Juraj"]
[Result "1/2-1/2"]
[WhiteElo "2061"]
[BlackElo "2141"]
[PlyCount "43"]
[EventDate "2003.10.??"]
[EventType "team"]
[EventRounds "11"]
[EventCountry "SVK"]
[SourceTitle "EXT 2006"]
[Source "ChessBase"]
[SourceDate "2005.11.24"]
[SourceVersion "1"]
[SourceVersionDate "2005.11.24"]
[SourceQuality "1"]

1. d4 d5 2. c4 e6 3. Nc3 Nf6 4. Bg5 Bb4 5. Qc2 h6 6. Bxf6 Qxf6 7. e3 0-0 8. Nf3 c5 9. a3 Bxc3+ 10. bxc3 Nc6 11. Be2 Rd8 12. 0-0 dxc4 13. Bxc4 Bd7 14. Rab1 Rab8 15. Rfd1 Na5 16. Be2 cxd4 17. cxd4 Rbc8 18. Qd2 b6 19. Ba6 Ba4 20. Bxc8 Bxd1 21. Qxd1 Rxc8 22. Rc1 1/2-1/2

[Event "CZE-ch opA U18"]
[Site "Frymburk"]
[Date "2002.??.??"]
[Round "5"]
[White "Horsak, Antonin"]
[Black "Kucera, Juraj"]
[Result "0-1"]
[WhiteElo "1880"]
[BlackElo "1940"]
[PlyCount "78"]
[EventDate "2002.03.??"]
[EventType "swiss"]
[EventRounds "8"]
[EventCountry "CZE"]
[SourceTitle "EXT 2004"]
[Source "ChessBase"]
[SourceDate "2003.11.25"]
[SourceVersion "1"]
[SourceVersionDate "2003.11.25"]
[SourceQuality "1"]

1. b4 e5 2. Bb2 Nc6 3. b5 Nd4 4. e3 Nf5 5. Bxe5 d5 6. Nf3 f6 7. Bb2 Nd6 8. a4 Be6 9. Nd4 Bf7 10. d3 Ne7 11. Nd2 c5 12. bxc6 bxc6 13. N2b3 c5 14. Nb5 Nxb5 15. axb5 Qb6 16. Ba3 Ng6 17. c4 Ne5 18. Qc2 Bg6 19. Qc3 Rd8 20. 0-0-0 Bd6 21. Be2 0-0 22. f4 Nd7 23. g3 Rfe8 24. Bf3 Bf7 25. e4 a6 26. cxd5 axb5 27. Bb2 c4 28. Nd4 Rc8 29. Kb1 b4 30. Qc1 c3 31. Nc6 cxb2 32. Qxb2 Nc5 33. Qd4 Qa6 34. Qa1 Na4 35. Kc2 b3+ 36. Kd2 b2 37. Qb1 Bxd5 38. exd5 Qa5+ 39. Kc2 Qc3# 0-1

[Event "SVK-chT2E 0102"]
[Site "Slovakia"]
[Date "2002.??.??"]
[Round "11"]
[White "Klemanic, Emil"]
[Black "Kucera, Juraj"]
[Result "1-0"]
[WhiteElo "2299"]
[BlackElo "2169"]
[PlyCount "77"]
[EventDate "2001.10.??"]
[EventType "team"]
[EventRounds "11"]
[EventCountry "SVK"]
[SourceTitle "EXT 2006"]
[Source "ChessBase"]
[SourceDate "2005.11.24"]
[SourceVersion "1"]
[SourceVersionDate "2005.11.24"]
[SourceQuality "1"]

1. d4 d5 2. Nf3 Nf6 3. c4 e6 4. Nc3 Bb4 5. Qa4+ Nc6 6. Bg5 h6 7. Bxf6 Qxf6 8. Ne5 Bd7 9. Nxd7 Qxd4 10. Qc2 Qxc4 11. e3 Qh4 12. Bb5 Kxd7 13. 0-0 a6 14. Bxc6+ bxc6 15. Rfd1 Bd6 16. g3 Qe7 17. e4 Rhb8 18. Rac1 Kc8 19. Na4 Qe8 20. b3 Rb5 21. Qe2 Kb7 22. Rc2 Rd8 23. Rd3 Bb4 24. Qd1 Rd6 25. e5 Rd8 26. Qc1 d4 27. a3 Be7 28. f4 Rdd5 29. b4 a5 30. Qa1 axb4 31. axb4 Bxb4 32. Ra2 Qe7 33. Kg2 Ba5 34. Rxd4 Rxd4 35. Qxd4 Qb4 36. Qd3 Rd5 37. Qe2 Bb6 38. Nc5+ Kc8 39. Ra8# 1-0

[Event "SVK-chT2E 0102"]
[Site "Slovakia"]
[Date "2002.??.??"]
[Round "10"]
[White "Kucera, Juraj"]
[Black "Dovzik, Juri"]
[Result "0-1"]
[WhiteElo "2169"]
[BlackElo "2389"]
[PlyCount "72"]
[EventDate "2001.10.??"]
[EventType "team"]
[EventRounds "11"]
[EventCountry "SVK"]
[SourceTitle "EXT 2006"]
[Source "ChessBase"]
[SourceDate "2005.11.24"]
[SourceVersion "1"]
[SourceVersionDate "2005.11.24"]
[SourceQuality "1"]

1. e4 c6 2. d4 Na6 3. Nc3 Nc7 4. Bf4 Nf6 5. Bd3 d6 6. h3 b5 7. a3 e6 8. Nf3 Be7 9. Qe2 a6 10. Nd1 c5 11. c3 Bb7 12. Bg5 0-0 13. e5 dxe5 14. Bxf6 Bxf6 15. dxe5 Bg5 16. Ne3 Bxf3 17. gxf3 Nd5 18. Ng2 g6 19. h4 Nf4 20. Nxf4 Bxf4 21. Qe4 Bxe5 22. h5 Qf6 23. Ke2 Bf4 24. Rag1 Rad8 25. Rg4 e5 26. Rhg1 Rd6 27. hxg6 hxg6 28. Qb7 Rfd8 29. Rxg6+ fxg6 30. Rxg6+ Qxg6 31. Bxg6 Rxg6 32. Qe7 Rgd6 33. Kf1 R8d7 34. Qe8+ Kg7 35. Qh5 Rd1+ 36. Kg2 R7d6 0-1

[Event "CZE-ch opA U18"]
[Site "Frymburk"]
[Date "2002.??.??"]
[Round "8"]
[White "Kucera, Juraj"]
[Black "Mezera, Lukas"]
[Result "0-1"]
[WhiteElo "1940"]
[BlackElo "2042"]
[PlyCount "68"]
[EventDate "2002.03.??"]
[EventType "swiss"]
[EventRounds "8"]
[EventCountry "CZE"]
[SourceTitle "EXT 2004"]
[Source "ChessBase"]
[SourceDate "2003.11.25"]
[SourceVersion "1"]
[SourceVersionDate "2003.11.25"]
[SourceQuality "1"]

1. e4 c5 2. Nf3 d6 3. d4 cxd4 4. Nxd4 Nf6 5. Nc3 g6 6. Be2 Bg7 7. Be3 Nc6 8. h3 0-0 9. g4 a6 10. g5 Ne8 11. h4 e5 12. Nb3 Be6 13. h5 Qe7 14. Bg4 Nd4 15. Kd2 f5 16. gxf6 Nxf6 17. Bxe6+ Qxe6 18. hxg6 hxg6 19. Kc1 d5 20. Nc5 Qc6 21. Bxd4 exd4 22. e5 dxc3 23. bxc3 Qxc5 24. exf6 Rxf6 25. Rb1 b5 26. Qd3 Rc8 27. Rb3 Qc4 28. Qh3 Qf4+ 29. Kb2 Qf5 30. Qg2 Rfc6 31. Rh3 d4 32. Qh1 dxc3+ 33. Kb1 Rd6 34. Qf1 Qxh3 0-1

[Event "SVK-chT2E 0102"]
[Site "Slovakia"]
[Date "2002.??.??"]
[Round "7"]
[White "Kucera, Juraj"]
[Black "Turna, Stefan"]
[Result "0-1"]
[WhiteElo "2169"]
[BlackElo "2261"]
[PlyCount "58"]
[EventDate "2001.10.??"]
[EventType "team"]
[EventRounds "11"]
[EventCountry "SVK"]
[SourceTitle "EXT 2006"]
[Source "ChessBase"]
[SourceDate "2005.11.24"]
[SourceVersion "1"]
[SourceVersionDate "2005.11.24"]
[SourceQuality "1"]

1. d4 Nf6 2. Nc3 c5 3. d5 g6 4. e4 d6 5. Be2 Bg7 6. Nf3 0-0 7. 0-0 Na6 8. Bg5 Nc7 9. a4 Rb8 10. Nd2 b6 11. Nb5 a6 12. Nxc7 Qxc7 13. c4 Bd7 14. Qc2 h6 15. Bh4 b5 16. axb5 axb5 17. Ra2 bxc4 18. Bxc4 Rb4 19. b3 Rfb8 20. f3 Nh5 21. Bf2 Nf4 22. Be3 g5 23. Bxf4 gxf4 24. h3 Qc8 25. Kh2 Qf8 26. Rc1 Bd4 27. Qd3 Qg7 28. Kh1 Kh8 29. Qe2 Be3 0-1

[Event "SVK-chT1E 0203"]
[Site "Slovakia"]
[Date "2002.??.??"]
[Round "?"]
[White "Vyparina, Matej"]
[Black "Kucera, Juraj"]
[Result "1/2-1/2"]
[WhiteElo "2146"]
[BlackElo "2153"]
[PlyCount "51"]
[EventDate "2002.10.??"]
[EventType "team"]
[EventRounds "11"]
[EventCountry "SVK"]
[SourceTitle "EXT 2005"]
[Source "ChessBase"]
[SourceDate "2004.11.15"]
[SourceVersion "1"]
[SourceVersionDate "2004.11.15"]
[SourceQuality "1"]

1. e4 c5 2. Nf3 Nc6 3. d4 cxd4 4. Nxd4 Nf6 5. Nc3 e5 6. Ndb5 d6 7. Nd5 Nxd5 8. exd5 Ne7 9. c3 Ng6 10. Bd3 Be7 11. 0-0 a6 12. Na3 f5 13. Qa4+ Bd7 14. Qb3 0-0 15. f3 Bg5 16. c4 Bxc1 17. Raxc1 Nf4 18. g3 Nxd3 19. Qxd3 f4 20. g4 h5 21. h3 Qh4 22. Rc2 Rf6 23. Rg2 Qxh3 24. Rh2 Qg3+ 25. Rg2 Qh3 26. Rh2 1/2-1/2

[Event "SVK-chT1E 0001"]
[Site "Slovakia"]
[Date "2001.??.??"]
[Round "11"]
[White "Lakatos, Vladimir"]
[Black "Kucera, Juraj"]
[Result "1/2-1/2"]
[WhiteElo "2121"]
[BlackElo "2174"]
[PlyCount "99"]
[EventDate "2000.??.??"]
[EventType "team"]
[EventRounds "11"]
[EventCountry "SVK"]
[SourceTitle "EXT 2002"]
[Source "ChessBase"]
[SourceDate "2001.11.25"]
[SourceVersion "1"]
[SourceVersionDate "2001.11.25"]
[SourceQuality "1"]

1. c4 Nf6 2. Nc3 b6 3. d4 e6 4. e4 Bb7 5. d5 exd5 6. exd5 Bb4 7. Bd2 c6 8. Qe2+ Qe7 9. dxc6 dxc6 10. Nf3 0-0 11. a3 Qxe2+ 12. Bxe2 Be7 13. 0-0 Nbd7 14. h3 Rfe8 15. Rad1 Bf8 16. Bg5 h6 17. Bh4 a6 18. Bd3 g6 19. Bc2 Kg7 20. Nd2 Bd6 21. f4 Bc5+ 22. Kh2 Bd4 23. Nde4 Bxc3 24. Nxc3 Rac8 25. Rd6 Re6 26. Rxe6 fxe6 27. Re1 Kf7 28. Ne4 Nxe4 29. Bxe4 Rc7 30. Rd1 Nf6 31. Bf3 Rd7 32. Rxd7+ Nxd7 33. g4 Nc5 34. b4 Nd7 35. Bg3 b5 36. cxb5 axb5 37. Kg2 Nb6 38. Be2 Nc4 39. a4 Ne3+ 40. Kf2 Nd5 41. axb5 cxb5 42. Bxb5 Nxb4 43. Ke3 Bg2 44. h4 Nd5+ 45. Kf2 Be4 46. Be2 Bc2 47. Bf3 Bd3 48. Bd1 Be4 49. Be2 Bc2 50. Bf3 1/2-1/2

[Event "SVK-chT1E 9899"]
[Site "Slovakia"]
[Date "1999.??.??"]
[Round "8"]
[White "Jelen, Peter"]
[Black "Kucera, Juraj"]
[Result "1-0"]
[WhiteElo "2150"]
[BlackElo "2200"]
[PlyCount "81"]
[EventDate "1998.??.??"]
[EventType "team"]
[EventRounds "11"]
[EventCountry "SVK"]
[SourceTitle "EXT 2000"]
[Source "ChessBase"]
[SourceDate "1999.11.16"]
[SourceVersion "1"]
[SourceVersionDate "1999.11.16"]
[SourceQuality "1"]

1. c4 Nf6 2. g3 g6 3. Bg2 c5 4. Nc3 Bg7 5. e3 0-0 6. Nge2 d6 7. 0-0 Nc6 8. a3 Ne5 9. d3 Bf5 10. e4 Bg4 11. f3 Bd7 12. Be3 a5 13. h3 Nc6 14. f4 Rb8 15. g4 b6 16. Qe1 e6 17. Rd1 Ne8 18. Qf2 Nc7 19. d4 Qe7 20. Rd2 Rfd8 21. d5 Na7 22. e5 exd5 23. exd6 Qxd6 24. cxd5 Ncb5 25. Ne4 Qf8 26. Qh4 Nc8 27. f5 gxf5 28. gxf5 f6 29. Nxf6+ Bxf6 30. Qg3+ Qg7 31. Qxb8 Nbd6 32. Rf3 Kh8 33. Qc7 Qe7 34. Ng3 Nc4 35. Re2 Nxe3 36. Kh1 Bd4 37. Rfxe3 Bxe3 38. Rxe3 Qf6 39. Nh5 Qg5 40. Qxd7 Rg8 41. Rg3 1-0

[Event "SVK-chT1E 9899"]
[Site "Slovakia"]
[Date "1999.??.??"]
[Round "11"]
[White "Kucera, Juraj"]
[Black "Klein, Peter"]
[Result "1/2-1/2"]
[WhiteElo "2200"]
[BlackElo "2115"]
[PlyCount "28"]
[EventDate "1998.??.??"]
[EventType "team"]
[EventRounds "11"]
[EventCountry "SVK"]
[SourceTitle "EXT 2000"]
[Source "ChessBase"]
[SourceDate "1999.11.16"]
[SourceVersion "1"]
[SourceVersionDate "1999.11.16"]
[SourceQuality "1"]

1. d4 g6 2. e4 Bg7 3. Nc3 d6 4. Be3 Nc6 5. Qd2 e5 6. Bb5 Bd7 7. Nge2 a6 8. Bxc6 Bxc6 9. dxe5 dxe5 10. 0-0-0 Qxd2+ 11. Rxd2 Nf6 12. f3 Nd7 13. Nd5 Bxd5 14. Rxd5 0-0-0 1/2-1/2

[Event "Nachod op 5th"]
[Site "Nachod"]
[Date "1999.??.??"]
[Round "8"]
[White "Mach, Petr"]
[Black "Kucera, Juraj"]
[Result "1-0"]
[WhiteElo "2182"]
[BlackElo "2195"]
[PlyCount "127"]
[EventDate "1999.??.??"]
[EventType "swiss"]
[EventRounds "9"]
[EventCountry "CZE"]
[SourceTitle "EXT 2000"]
[Source "ChessBase"]
[SourceDate "1999.11.16"]
[SourceVersion "1"]
[SourceVersionDate "1999.11.16"]
[SourceQuality "1"]

1. e4 e5 2. Nc3 Be7 3. Bc4 d6 4. d3 Nf6 5. f4 c6 6. Nf3 Nbd7 7. Bb3 b5 8. Ne2 Qb6 9. Ng3 Ng4 10. Qe2 Nc5 11. h3 Nxb3 12. axb3 exf4 13. Bxf4 Nf6 14. Be3 Qc7 15. 0-0 0-0 16. Bf4 Re8 17. Qf2 Be6 18. Nd4 Qb6 19. Be3 c5 20. Ndf5 Bxf5 21. Nxf5 Bf8 22. Nh6+ Kh8 23. Nxf7+ Kg8 24. Nh6+ Kh8 25. Nf5 d5 26. b4 d4 27. Bg5 Nd7 28. Qh4 cxb4 29. Rf3 Ne5 30. Rg3 Re6 31. Rf1 Rae8 32. Kh1 g6 33. Nh6 Bxh6 34. Qxh6 Qd6 35. Bf4 Nf7 36. Bxd6 Nxh6 37. Bxb4 Rc6 38. c3 dxc3 39. Bxc3+ Kg8 40. Rgf3 Rc7 41. e5 Nf5 42. g4 Ne7 43. Bb4 Nc6 44. Bd6 Rd7 45. Rf8+ Rxf8 46. Rxf8+ Kg7 47. Rc8 Nd4 48. b4 Kf7 49. Kg2 h5 50. Kf2 hxg4 51. hxg4 Nb3 52. Ke3 a5 53. bxa5 Nxa5 54. Ke4 Nb7 55. Bb4 Nd8 56. d4 Ne6 57. Bd6 Rb7 58. d5 Ng5+ 59. Kf4 Nh3+ 60. Ke3 Ng5 61. Rf8+ Kg7 62. e6 Nh7 63. Rf1 Nf6 64. Be5 1-0

[Event "Olomouc op"]
[Site "Olomouc"]
[Date "1998.??.??"]
[Round "5"]
[White "Fiala, Jaroslav"]
[Black "Kucera, Juraj"]
[Result "0-1"]
[WhiteElo "2255"]
[BlackElo "2185"]
[PlyCount "112"]
[EventDate "1998.08.??"]
[EventType "swiss"]
[EventRounds "9"]
[EventCountry "CZE"]
[SourceTitle "EXT 1999"]
[Source "ChessBase"]
[SourceDate "1998.11.16"]
[SourceVersion "1"]
[SourceVersionDate "1998.11.16"]
[SourceQuality "1"]

1. d4 Nf6 2. c4 e6 3. Nc3 d5 4. Nf3 Be7 5. e3 0-0 6. Qc2 b6 7. cxd5 exd5 8. Be2 Bb7 9. 0-0 Nbd7 10. Rd1 c5 11. Bd3 Rc8 12. Bf5 g6 13. Bh3 Qc7 14. Ne5 Nxe5 15. dxe5 Qxe5 16. f4 Qh5 17. Bxc8 Bxc8 18. Rf1 d4 19. Ne4 Ng4 20. h3 Nxe3 21. Bxe3 dxe3 22. Qc3 e2 23. Rfe1 Ba6 24. Ng3 Qh4 25. Nxe2 Bf6 26. Qc1 Re8 27. Nc3 Bd4+ 28. Kh1 Rxe1+ 29. Qxe1 Qxf4 30. Ne2 Bxe2 31. Qxe2 Be5 32. Kg1 Bd4+ 33. Kh1 Be5 34. Kg1 Qd4+ 35. Kf1 Qxb2 36. Qxb2 Bxb2 37. Rb1 Bd4 38. Ke2 Kf8 39. Kd3 Ke7 40. Kc4 Kd6 41. a4 Kc6 42. Rf1 f6 43. Re1 Be5 44. Rb1 a6 45. Rb3 h5 46. Rb1 h4 47. Rb3 g5 48. Rb1 f5 49. Rf1 b5+ 50. axb5+ axb5+ 51. Kd3 c4+ 52. Kc2 Bf4 53. Rd1 Kc5 54. Rd8 b4 55. Rf8 b3+ 56. Kd1 c3 0-1

[Event "SVK-chT1E 9798"]
[Site "Slovakia"]
[Date "1998.??.??"]
[Round "6"]
[White "Kucera, Juraj"]
[Black "Buchnicek, Petr"]
[Result "1-0"]
[WhiteElo "2200"]
[BlackElo "2245"]
[PlyCount "37"]
[EventDate "1997.??.??"]
[EventType "team"]
[EventRounds "11"]
[EventCountry "SVK"]
[SourceTitle "EXT 1999"]
[Source "ChessBase"]
[SourceDate "1998.11.16"]
[SourceVersion "1"]
[SourceVersionDate "1998.11.16"]
[SourceQuality "1"]

1. d4 d5 2. Nc3 Nf6 3. Bg5 e6 4. e4 dxe4 5. Nxe4 Be7 6. Bxf6 Bxf6 7. Nf3 0-0 8. Qd2 b6 9. 0-0-0 Bb7 10. Qf4 Nd7 11. Bd3 Rc8 12. Ne5 Be7 13. h4 h6 14. Rh3 Nf6 15. Nxf6+ Bxf6 16. Ng4 Kh8 17. c3 Qd6 18. Qe3 h5 19. Nxf6 1-0